[Event "Wch U18 Girls"]
[Site "Florianopolis"]
[Date "2024.11.07"]
[Round "9"]
[White "Perez Godinez, Airam Coret"]
[Black "Reding, Sevda"]
[Result "0-1"]
[WhiteElo "1452"]
[BlackElo "1802"]
[PlyCount "54"]
[EventDate "2024.10.29"]
[EventType "swiss"]
[EventRounds "11"]
[EventCountry "BRA"]
[SourceTitle "CB45_2024"]
[Source "ChessBase"]
[SourceDate "2024.11.06"]
[SourceVersion "1"]
[SourceVersionDate "2024.11.06"]
[SourceQuality "1"]

1. e4 c5 2. d4 cxd4 3. c3 Nf6 4. e5 Nd5 5. cxd4 e6 6. Nf3 b6 7. Bc4 Ba6 8. Bxa6 Nxa6 9. 0-0 Be7 10. Bd2 0-0 11. a3 Nb8 12. Nc3 Nxc3 13. Bxc3 d5 14. Qd3 Nc6 15. Rac1 Rc8 16. Bd2 f6 17. exf6 Bxf6 18. Rfe1 Qd7 19. Ne5 Nxe5 20. dxe5 Rxc1 21. Bxc1 Be7 22. Qg3 Bc5 23. Be3 d4 24. b4 dxe3 25. bxc5 exf2+ 26. Kh1 f1Q+ 27. Rxf1 Rxf1# 0-1

[Event "Wch U18 Girls"]
[Site "Florianopolis"]
[Date "2024.10.31"]
[Round "3"]
[White "Jimenez Salas, Maria Teresa"]
[Black "Reding, Sevda"]
[Result "1-0"]
[WhiteElo "2061"]
[BlackElo "1802"]
[PlyCount "106"]
[EventDate "2024.10.29"]
[EventType "swiss"]
[EventRounds "11"]
[EventCountry "BRA"]
[SourceTitle "CB45_2024"]
[Source "ChessBase"]
[SourceDate "2024.11.06"]
[SourceVersion "1"]
[SourceVersionDate "2024.11.06"]
[SourceQuality "1"]

1. e4 c5 2. Nf3 e6 3. d4 cxd4 4. Nxd4 Nf6 5. Nc3 Nc6 6. Nxc6 bxc6 7. e5 Nd5 8. Ne4 Qc7 9. f4 Qb6 10. c4 Bb4+ 11. Ke2 f5 12. exf6 Nxf6 13. Be3 Qd8 14. Nd6+ Bxd6 15. Qxd6 Bb7 16. Kd1 Rc8 17. Bd3 c5 18. Bxc5 Bxg2 19. Rg1 Bf3+ 20. Kc1 Rc6 21. Qd4 Kf7 22. Ba3 Qb6 23. Qxb6 axb6 24. Kd2 d5 25. Rac1 Rhc8 26. cxd5 Bxd5 27. Rxc6 Rxc6 28. b3 Rc7 29. Bb2 Ra7 30. Bb1 g6 31. Bd4 Rd7 32. Kc3 Bc6 33. Bxb6 Nd5+ 34. Kc4 Nxf4 35. Rf1 e5 36. Be3 g5 37. Kc5 Bb7 38. Bxh7 Ke6 39. Bb1 Bd5 40. Rf2 Rc7+ 41. Kb4 Rb7+ 42. Kc3 Bc6 43. Kb2 Rb8 44. a3 Ba4 45. b4 Rc8 46. Rd2 g4 47. Bc5 Nd5 48. Ba2 Rd8 49. Bc4 Bc6 50. b5 Ba8 51. Kb3 e4 52. a4 Ke5 53. Be3 Rh8 1-0

[Event "Wch U18 Girls"]
[Site "Florianopolis"]
[Date "2024.10.29"]
[Round "1"]
[White "Suarez Gomez, Paula"]
[Black "Reding, Sevda"]
[Result "1/2-1/2"]
[WhiteElo "2082"]
[BlackElo "1802"]
[PlyCount "86"]
[EventDate "2024.10.29"]
[EventType "swiss"]
[EventRounds "11"]
[EventCountry "BRA"]
[SourceTitle "CB45_2024"]
[Source "ChessBase"]
[SourceDate "2024.11.06"]
[SourceVersion "1"]
[SourceVersionDate "2024.11.06"]
[SourceQuality "1"]

1. e4 c5 2. b3 Nc6 3. Nf3 e5 4. Bb2 d6 5. c3 Nf6 6. d3 g6 7. Nbd2 Bg4 8. h3 Bxf3 9. Nxf3 Bg7 10. g3 0-0 11. Bg2 Re8 12. 0-0 Qd7 13. Re1 Rad8 14. Qc2 d5 15. exd5 Nxd5 16. Rad1 Nc7 17. Bc1 Re6 18. Bg5 f6 19. Be3 b6 20. d4 Rd6 21. Rc1 Nd5 22. dxc5 Nxe3 23. Rxe3 bxc5 24. Rce1 f5 25. b4 cxb4 26. cxb4 e4 27. Qb3+ Qe6 28. Qxe6+ Rxe6 29. a3 Red6 30. Nh2 Rd3 31. g4 Bb2 32. gxf5 gxf5 33. b5 Nd4 34. Bf1 Rxa3 35. Bc4+ Kf8 36. Rxa3 Bxa3 37. Re3 Bd6 38. Nf1 Rd7 39. Ng3 Nf3+ 40. Kg2 Nh4+ 41. Kf1 Nf3 42. Be6 Re7 43. Bxf5 Bf4 1/2-1/2